000 00565nam a2200169 a 4500
001 000039941
005 20201002033825.0
008 130731s1970 xxu 000 0 spa d
040 _aDO-SdBNP
_bspa
_cBNPHU
082 _axxx
100 1 _aRosenberg, Milton J.
_966153
245 1 0 _aVietnam and the silent majority :
_bThe doveʻs guide /
_cMilton J. Rosenberg, Sidney Verba, Philip E. Converse.
260 _aNew York, Estados Unidos :
_bHarper & Row,
_c1970.
300 _a162 p. ;
_c19 cm.
700 1 _aVerba, Sidney
_966154
700 1 _aConverse, Philip E.
_966155
999 _c39431
_d39431